[Event "Mazowiecki Festiwal Szachowy - gr. A"]
[Site "Grodzisk Mazowiecki"]
[Date "2007.07.23"]
[Round "4.28"]
[White "Matuszewski, Michal"]
[Black "Lapinski, Krzysztof"]
[Result "1/2-1/2"]
[WhiteElo "2144"]
[BlackElo "2175"]
[PlyCount "148"]
[EventDate "2007.??.??"]

1. d4 f5 2. e4 fxe4 3. Nc3 Nf6 4. Bg5 c6 5. Bxf6 exf6 6. Nxe4 d5 7. Ng3 Bd6 8.
Bd3 O-O 9. c3 Re8+ 10. N1e2 Nd7 11. Nf5 Bc7 12. Qc2 Nf8 13. O-O Bxf5 14. Bxf5
g6 15. Bd3 Kg7 16. Qd2 Qd6 17. g3 Ne6 18. f4 f5 19. Kg2 Nf8 20. Ng1 Nd7 21. Nf3
Nf6 22. Ne5 Qe6 23. Rae1 Ne4 24. Qe3 Rac8 25. g4 Kh8 26. Qh3 c5 27. Re2 Rg8 28.
Kh1 Rcf8 29. gxf5 gxf5 30. Rxe4 dxe4 31. Bc4 Qf6 32. Nd7 Qe7 33. Nxf8 Rxf8 34.
Qe3 cxd4 35. cxd4 Qb4 36. Be6 Bb6 37. Qh3 Qxd4 38. Bxf5 Qg7 39. Bxe4 Rg8 40.
Bg2 Qxb2 41. f5 Bd4 42. Bd5 Rd8 43. Bb3 Rf8 44. Qg2 Qxg2+ 45. Kxg2 b6 46. Rd1
Rd8 47. Kf3 a5 48. Ke4 Bf6 49. Bd5 Kg7 50. Rb1 Rd6 51. Rg1+ Kf8 52. Rg8+ Ke7
53. Rb8 h6 54. Rb7+ Kd8 55. Rh7 Bb2 56. h4 Ke8 57. h5 Kf8 58. Rf7+ Ke8 59. Rh7
Kf8 60. Rc7 Bf6 61. Rf7+ Ke8 62. Rh7 Kf8 63. Rxh6 Kg7 64. Rg6+ Kh7 65. Bg8+ Kh8
66. Be6 Bc3 67. h6 b5 68. Bd5 Rf6 69. Be6 Kh7 70. Bg8+ Kh8 71. Bd5 Kh7 72. Rg3
Ba1 73. Rg1 Bc3 74. Rc1 b4 1/2-1/2

[Event "Mazowiecki Festiwal Szachowy - gr. A"]
[Site "Grodzisk Mazowiecki"]
[Date "2007.07.23"]
[Round "4.29"]
[White "Zurkowski, Andrzej"]
[Black "Winski, Lukasz"]
[Result "1-0"]
[WhiteElo "2015"]
[BlackElo "2004"]
[PlyCount "76"]
[EventDate "2007.??.??"]

1. d4 Nf6 2. c4 e6 3. Nf3 b6 4. Nc3 Bb7 5. e3 Bb4 6. Bd2 O-O 7. Bd3 Bxc3 8.
Bxc3 d6 9. O-O Nbd7 10. Nd2 Qe7 11. Qc2 Rac8 12. e4 e5 13. d5 Nh5 14. g3 c6 15.
Be2 Nhf6 16. f4 cxd5 17. fxe5 Nxe4 18. Nxe4 dxe4 19. exd6 Qxd6 20. Rad1 Qe6 21.
Qd2 Ne5 22. b3 Rfe8 23. Qe3 Bc6 24. c5 bxc5 25. Qxc5 Bb5 26. Qxb5 Rxc3 27. Rd6
Qe7 28. Rfd1 Nf3+ 29. Kh1 Rc2 30. R1d5 g6 31. Rd7 Qe6 32. Kg2 Ne1+ 33. Kf1 Nd3
34. g4 Qf6+ 35. Rf5 gxf5 36. Rxd3 fxg4+ 37. Kg1 exd3 38. Qxe8+ Kg7 1-0

[Event "Mazowiecki Festiwal Szachowy - gr. A"]
[Site "Grodzisk Mazowiecki"]
[Date "2007.07.23"]
[Round "4.30"]
[White "Jedryczka, Krystian"]
[Black "Sliwerski, Radoslaw"]
[Result "0-1"]
[WhiteElo "2299"]
[BlackElo "2139"]
[PlyCount "102"]
[EventDate "2007.??.??"]

1. e4 c5 2. Nf3 d6 3. d4 cxd4 4. Nxd4 Nf6 5. Nc3 a6 6. Be3 e5 7. Nf3 Qc7 8. a4
Be6 9. a5 Nbd7 10. Nd5 Qc6 11. Nb4 Qxe4 12. c3 Nc5 13. Ng5 Qf5 14. Nxe6 Qxe6
15. c4 Rc8 16. g3 Be7 17. Nd5 Nxd5 18. cxd5 Qf5 19. b4 Qe4 20. bxc5 Qxh1 21.
Qa4+ Kd8 22. O-O-O Qf3 23. Bh3 f5 24. Kb2 g6 25. Bf1 Rxc5 26. Bxc5 dxc5 27. Rd2
Kc7 28. Be2 Qe4 29. Qxe4 fxe4 30. Kc3 Rf8 31. Bd1 Kd6 32. Kc4 Bd8 33. Ra2 Bc7
34. h4 Rb8 35. Bc2 b5+ 36. axb6 Rxb6 37. Bxe4 Rb4+ 38. Kd3 a5 39. g4 c4+ 40.
Ke2 c3 41. Kd3 Rd4+ 42. Ke3 Bb6 43. Kf3 Rb4 44. h5 gxh5 45. gxh5 h6 46. Rc2 Rc4
47. Ra2 a4 48. Rc2 a3 49. Ra2 Bc5 50. Rc2 Rb4 51. Rxc3 a2 0-1

[Event "Mazowiecki Festiwal Szachowy - gr. A"]
[Site "Grodzisk Mazowiecki"]
[Date "2007.07.23"]
[Round "4.31"]
[White "Pekacki, Stanislaw"]
[Black "Przezdziecka, Ewa"]
[Result "0-1"]
[WhiteElo "2079"]
[BlackElo "2147"]
[PlyCount "130"]
[EventDate "2007.??.??"]

1. e4 c5 2. Nf3 e6 3. d3 Nc6 4. g3 g6 5. Bg2 Bg7 6. O-O Nge7 7. Re1 O-O 8. Nbd2
d5 9. e5 Qc7 10. Qe2 b5 11. Nf1 h6 12. h4 Nd4 13. Nxd4 cxd4 14. Bf4 Bd7 15. Nh2
Kh8 16. Ng4 Ng8 17. Nf6 Qd8 18. Ng4 Rc8 19. Qd2 Kh7 20. Rac1 Qb6 21. c3 dxc3
22. bxc3 Bc6 23. d4 Bd7 24. Rb1 Qa5 25. Rec1 Rc4 26. Rb4 Rfc8 27. Rxc4 Rxc4 28.
Bf1 Ra4 29. Rc2 Ra3 30. h5 g5 31. Bd3+ Kh8 32. Be3 Qd8 33. Rc1 f5 34. exf6 Bxf6
35. Bb1 Ra6 36. Qd3 Qe7 37. Ne5 Bxe5 38. dxe5 Be8 39. g4 Ra4 40. f3 Rc4 41. Rf1
Qg7 42. Bd4 a6 43. Bb6 Rc6 44. Bd4 Rc4 45. Re1 Rc7 46. Bb6 Rb7 47. Bd8 Rd7 48.
Bb6 Rb7 49. Bd4 Ne7 50. a4 Nc6 51. axb5 Nxd4 52. bxa6 Nxf3+ 53. Qxf3 Rf7 54.
Qe2 Qf8 55. Bd3 Qc5+ 56. Kg2 Bc6 57. Rf1 d4+ 58. Kh3 Rd7 59. Qf2 Qe7 60. cxd4
Rd8 61. a7 Ra8 62. Rb1 Rxa7 63. Rb3 Bd5 64. Rc3 Ra2 65. Rc8+ Kg7 0-1

[Event "Mazowiecki Festiwal Szachowy - gr. A"]
[Site "Grodzisk Mazowiecki"]
[Date "2007.07.23"]
[Round "4.32"]
[White "Moskwinski, Tadeusz"]
[Black "Przybyla, Kamil"]
[Result "1-0"]
[WhiteElo "2246"]
[BlackElo "2035"]
[PlyCount "159"]
[EventDate "2007.??.??"]

1. c4 Nf6 2. Nf3 e6 3. g3 b6 4. Bg2 Bb7 5. O-O Be7 6. d3 O-O 7. e4 d6 8. Nc3
Nbd7 9. Qe2 c5 10. Nd2 Qc7 11. f4 Rfd8 12. g4 Ne8 13. Nf3 Nf8 14. h4 d5 15. e5
Rd7 16. f5 Rad8 17. Bf4 Bc6 18. h5 dxc4 19. dxc4 h6 20. Rad1 Nh7 21. Rxd7 Rxd7
22. Qe3 Qd8 23. Ne4 Rd3 24. Qe2 Bxe4 25. Qxe4 Ng5 26. Nxg5 hxg5 27. Be3 Nc7 28.
Bf3 b5 29. Be2 bxc4 30. h6 Rxe3 31. Qxe3 Nd5 32. Qe4 Nf4 33. Bxc4 Qd2 34. hxg7
Nh3+ 35. Kh1 Nf2+ 36. Rxf2 Qxf2 37. f6 Bxf6 38. exf6 Qxf6 39. b3 Qa1+ 40. Kg2
Qxa2+ 41. Kg3 Qa1 42. Qe3 Qxg7 43. Qxc5 Qc3+ 44. Kf2 Qc2+ 45. Ke3 Qc1+ 46. Kd3
Qd1+ 47. Kc3 Qxg4 48. Qxa7 Qg3+ 49. Kb2 Qe5+ 50. Ka2 Qc3 51. Qc5 Qd2+ 52. Ka3
g4 53. Qe5 Qd8 54. b4 Qa8+ 55. Kb3 Qf3+ 56. Qc3 Qd1+ 57. Ka3 Qd6 58. Bb5 g3 59.
Bc6 f6 60. Ka4 Kf7 61. b5 Qb8 62. Qd4 Qc7 63. Qc5 Qf4+ 64. Ka5 g2 65. Ka6 Qf1
66. Qh5+ Ke7 67. Qe8+ Kd6 68. Qb8+ Kc5 69. Qb6+ Kb4 70. Qd4+ Kb3 71. Qe3+ Kc4
72. Qxe6+ Kc5 73. Qe3+ Kd6 74. Qd2+ Ke7 75. Qxg2 Qa1+ 76. Kb7 Qa5 77. Qg7+ Kd6
78. Qd7+ Kc5 79. Qd5+ Kb4 80. Qd2+ 1-0

[Event "Mazowiecki Festiwal Szachowy - gr. A"]
[Site "Grodzisk Mazowiecki"]
[Date "2007.07.23"]
[Round "4.33"]
[White "Brudzinski, Maciej"]
[Black "Sobierska, Wioletta"]
[Result "0-1"]
[WhiteElo "2114"]
[BlackElo "2012"]
[PlyCount "124"]
[EventDate "2007.??.??"]

1. e4 e6 2. d3 d5 3. Nd2 Nf6 4. Ngf3 c5 5. g3 Nc6 6. Bg2 Be7 7. O-O O-O 8. Re1
Re8 9. c3 b6 10. e5 Nd7 11. Nf1 f6 12. d4 Ba6 13. h4 Rc8 14. a3 cxd4 15. cxd4
fxe5 16. dxe5 Nc5 17. Bh3 Bf8 18. Ng5 h6 19. b4 hxg5 20. Bxg5 Be7 21. bxc5 Bxg5
22. hxg5 Qxg5 23. f4 Qe7 24. Rc1 bxc5 25. Ne3 Nd4 26. Kg2 Bb7 27. Bg4 Qf7 28.
Qd3 g6 29. Rh1 Nf5 30. Nxf5 exf5 31. Bf3 d4 32. Qc4 Qxc4 33. Rxc4 Bxf3+ 34.
Kxf3 Rc6 35. Rd1 Rec8 36. g4 Kf7 37. Rh1 Ke6 38. gxf5+ gxf5 39. Ra4 R8c7 40.
Rh8 c4 41. Rh6+ Kd7 42. Rxc6 Rxc6 43. Rxa7+ Ke6 44. Rh7 Kd5 45. Rd7+ Kc5 46.
Ke2 c3 47. Kd3 Kb5 48. Rd5+ Ka4 49. Rxd4+ Kb3 50. Rb4+ Kxa3 51. Rb1 c2 52. Rc1
Kb2 53. Kd2 Rc8 54. Rxc2+ Rxc2+ 55. Kd3 Rf2 56. Ke3 Rf1 57. Kd4 Rxf4+ 58. Kd5
Re4 59. Kd6 f4 60. e6 f3 61. e7 f2 62. e8=R Rxe8 0-1

[Event "Mazowiecki Festiwal Szachowy - gr. A"]
[Site "Grodzisk Mazowiecki"]
[Date "2007.07.23"]
[Round "4.34"]
[White "Krasiewicz, Robert"]
[Black "Llaneza Vega, Juan Alberto"]
[Result "1-0"]
[WhiteElo "2042"]
[BlackElo "2012"]
[PlyCount "79"]
[EventDate "2007.??.??"]

1. d4 Nf6 2. c4 c5 3. Nf3 g6 4. Nc3 Bg7 5. g3 O-O 6. Bg2 cxd4 7. Nxd4 Nc6 8.
Nc2 d6 9. O-O Be6 10. b3 Qa5 11. Bd2 Qh5 12. f3 d5 13. cxd5 Nxd5 14. Nxd5 Bxa1
15. Nf4 Qc5+ 16. Be3 Qc3 17. Nd3 Bb2 18. Qb1 Bf5 19. Rd1 Bxd3 20. Rxd3 Qf6 21.
Rd7 Rad8 22. Rxb7 Nd4 23. Kf2 Nxc2 24. Qxc2 Bd4 25. Qe4 e5 26. Bh3 a5 27. Bd7
Qd6 28. Bxd4 exd4 29. Bb5 Qc5 30. Kg2 Rb8 31. a4 Rxb7 32. Qxb7 Rc8 33. Qa6 Qc7
34. Bc4 Rd8 35. Qf6 Rd7 36. h4 h5 37. Qxg6+ Kf8 38. Qxh5 Qd6 39. Qxa5 Re7 40.
Qf5 1-0